000 00869cab a2200229 4500
001 WB3124-43
008 090401t1995 xxu||||| |||| 00| 0 eng d
035 _a(Sirsi) u9496
041 _aeng
245 _aLawyers liable over home sale
260 _c1995
350 _a0
490 _aTimes
_v19 June 1995, 40(1)
520 _a"Penn v Bristol and West Building Society and others" ChD 22 May 1995. Held that the beneficial joint tenancy of the husband and wife was not severed by a conveyance of the property, which was a sham, set up by the husband to defraud the building society. Solicitors owed the wife a duty of care and were liable to the mortgage lenders.
650 _aCONVEYANCING
650 _aFRAUD
650 _aJOINT TENANCIES
650 _aMORTGAGE FRAUD
690 _aPROPERTY LAW AND PRACTICE-CASE LAW
942 _n0
948 _c04/03/1997
999 _c5940
_d5940